La lingüística contrastiva como herramienta para la enseñanza de lenguas
Сохранить в:
| Главный автор: | |
|---|---|
| Формат: | |
| Язык: | испанский |
| Опубликовано: |
Madrid
Arcos Libros
2007
|
| Серии: | Cuadernos de Didáctica del Español/le
|
| Предметы: | |
| Метки: |
Добавить метку
Нет меток, Требуется 1-ая метка записи!
|
MARC
| LEADER | 00000nam a2200000 a 4500 | ||
|---|---|---|---|
| 001 | UCI9339 | ||
| 003 | CL-VaPUC | ||
| 008 | 081113e20070000SP |||||||||||||||||spa|d | ||
| 020 | |a 9788476356777 | ||
| 082 | 0 | 4 | |a 460 |b SOH |2 21 |
| 100 | 0 | |a Söhrman, Ingmar |e author |9 533018 | |
| 245 | 1 | 3 | |a La lingüística contrastiva como herramienta para la enseñanza de lenguas |
| 300 | |a 87 p | ||
| 942 | |c BK | ||
| 945 | |d 20081113 00:00:00 |a rbrito | ||
| 260 | |a Madrid |b Arcos Libros |c 2007 | ||
| 650 | 0 | |a Idioma español |9 309143 | |
| 650 | 0 | |a Fonética |9 308371 | |
| 650 | 0 | |a Morfología |9 334440 | |
| 650 | 0 | |a Sintaxis |9 318843 | |
| 650 | 0 | |a Educación lingüística |9 306506 | |
| 583 | |a last modification |c 20170824 01:41:38 |k Rodrigo Vera | ||
| 490 | 0 | |a Cuadernos de Didáctica del Español/le | |
| 999 | |c 331898 |d 331896 | ||
| 952 | |0 0 |1 0 |4 0 |6 460_000000000000000_SOH_2007 |7 0 |8 A |9 419112 |a FDOPOS |b FDOPOS |d 2019-11-22 |i 4495624 |o 460 SOH 2007 |p 4495624 |r 2025-01-22 |w 2019-11-22 |y BK |k MLA | ||